Rynek uslug krajowej komunikacji letniczej

Enregistré dans:
Détails bibliographiques
Auteur principal: Czownicki, Jerzy
Format: Livre
Langue:polonais
Publié: Warszawa Szkola glowna planowania i statystyki 1981
Collection:Monografie i opracowania 100
Tags: Ajouter un tag
Pas de tags, Soyez le premier à ajouter un tag!

MARC

LEADER 00000nam a2200000 4500
001 c137806
005 20250630093116.6
041 0 |a pol 
044 |a PL 
245 1 0 |a Rynek uslug krajowej komunikacji letniczej  |c Jerzy Czownicki 
264 1 |a Warszawa  |b Szkola glowna planowania i statystyki  |c 1981 
300 |a 222 s. 
490 1 |a Monografie i opracowania  |v 100 
830 0 |a Monografie i opracowania  |v 100 
100 1 |a Czownicki, Jerzy